[Event "29th Czech Open A 2018"]
[Site "Pardubice CZE"]
[Date "2018.07.21"]
[Round "2.8"]
[White "Boruchovsky, Avital"]
[Black "Yagupov, Igor"]
[Result "1/2-1/2"]
[WhiteTitle "GM"]
[BlackTitle "GM"]
[WhiteElo "2558"]
[BlackElo "2349"]
[WhiteFideId "2800055"]
[BlackFideId "4113632"]
[EventDate "2018.07.20"]

1. e4 c5 2. Nf3 e6 3. Nc3 Nc6 4. Be2 Nf6 5. O-O d5 6. exd5 exd5 7. d4 cxd4 8.
Nxd4 Be7 9. Re1 O-O 10. Bf3 Nxd4 11. Qxd4 Be6 12. Be3 a6 13. Rad1 Rc8 14. h3 Qa5
15. a3 Bxa3 16. Ra1 Bxb2 17. Rxa5 Bxc3 18. Qa7 Bxa5 19. Rb1 b6 20. Qxa6 Rxc2 21.
Bxb6 Bxb6 22. Qxb6 Rfc8 23. Kh2 h6 24. Qe3 R2c3 25. Qe5 Rc2 26. Kg1 Rc1+ 27.
Rxc1 Rxc1+ 28. Kh2 Rc2 29. Qd4 Ne4 30. Bxe4 dxe4 31. g4 Rc4 32. Qd2 Kh7 33. Qb2
h5 34. Kg3 hxg4 35. hxg4 Rc5 36. Qd4 Rg5 37. Qxe4+ Bf5 38. Qh1+ Kg6 39. Qc6+ f6
40. f3 Bxg4 41. Qe8+ Kh7 42. fxg4 Re5 43. Qa8 1/2-1/2

[Event "29th Czech Open A 2018"]
[Site "Pardubice CZE"]
[Date "2018.07.21"]
[Round "2.9"]
[White "Skliarov, Viktor"]
[Black "Nguyen, Thai Dai Van"]
[Result "1/2-1/2"]
[WhiteTitle "IM"]
[BlackTitle "GM"]
[WhiteElo "2357"]
[BlackElo "2546"]
[WhiteFideId "14106736"]
[BlackFideId "358878"]
[EventDate "2018.07.20"]

1. e4 e6 2. d4 d5 3. e5 c5 4. c3 Nc6 5. Nf3 Qb6 6. a3 Nh6 7. b4 cxd4 8. Bxh6
gxh6 9. cxd4 Bd7 10. Ra2 Rg8 11. h3 h5 12. g3 h4 13. g4 Be7 14. Be2 f6 15. exf6
Bxf6 16. Rd2 Rc8 17. Kf1 Ne7 18. Bd3 Bb5 19. Qe2 Bxd3 20. Qxd3 Ng6 21. Nc3 Rc4
22. Ne2 Kd7 23. Qe3 Qd6 24. Rg1 Rf8 25. Kg2 Bd8 26. Ne5+ Nxe5 27. dxe5 Qb6 28.
Nd4 Be7 1/2-1/2

[Event "29th Czech Open A 2018"]
[Site "Pardubice CZE"]
[Date "2018.07.21"]
[Round "2.10"]
[White "Tate, Alan"]
[Black "Mozharov, Mikhail"]
[Result "0-1"]
[WhiteTitle "FM"]
[BlackTitle "GM"]
[WhiteElo "2352"]
[BlackElo "2542"]
[WhiteFideId "2401878"]
[BlackFideId "4189825"]
[EventDate "2018.07.20"]

1. Nf3 d5 2. g3 g6 3. Bg2 Bg7 4. d4 Nf6 5. O-O O-O 6. c3 b6 7. c4 c6 8. cxd5
cxd5 9. Nc3 Bb7 10. Bf4 Nc6 11. Ne5 e6 12. Nxc6 Bxc6 13. Qd3 Qd7 14. Rfc1 Rfc8
15. Rc2 Bb7 16. Rac1 Ne8 17. Nb1 Rxc2 18. Rxc2 Qa4 19. e3 Qxa2 20. Na3 Bf8 21.
Bf1 Bb4 22. Kg2 a6 23. Be2 Rc8 24. Rxc8 Bxc8 25. Qc2 Bd7 26. Qc1 0-1

[Event "29th Czech Open A 2018"]
[Site "Pardubice CZE"]
[Date "2018.07.21"]
[Round "2.11"]
[White "Zakhartsov, Viacheslav V."]
[Black "Stoyanov, Tsvetan"]
[Result "1-0"]
[WhiteTitle "GM"]
[BlackTitle "FM"]
[WhiteElo "2539"]
[BlackElo "2348"]
[WhiteFideId "4115333"]
[BlackFideId "2917173"]
[EventDate "2018.07.20"]

1. Nf3 Nf6 2. c4 e6 3. Nc3 d5 4. d4 Be7 5. Bf4 O-O 6. e3 c6 7. Qc2 Qa5 8. a3
dxc4 9. Bxc4 b5 10. Ba2 Nd5 11. O-O Nxf4 12. exf4 b4 13. axb4 Qxb4 14. Rfe1 Nd7
15. f5 exf5 16. d5 Bf6 17. dxc6 Nb6 18. Nd5 Nxd5 19. Bxd5 Be6 20. Bxe6 fxe6 21.
Ra4 Qxb2 22. Qc4 Kh8 23. Rxe6 a5 24. h4 h6 25. Qd5 Qc2 26. Rc4 Qb3 27. c7 a4 28.
Re3 Qb1+ 29. Re1 Qb3 30. Re3 Qb1+ 31. Kh2 Rac8 32. Ne5 Bxe5+ 33. Qxe5 Qa2 34.
Rg3 Rf7 35. Rc6 Kh7 36. Rxg7+ Rxg7 37. Qxf5+ 1-0

[Event "29th Czech Open A 2018"]
[Site "Pardubice CZE"]
[Date "2018.07.21"]
[Round "2.12"]
[White "Fataliyeva, Ulviyya"]
[Black "Babula, Vlastimil"]
[Result "0-1"]
[WhiteTitle "WGM"]
[BlackTitle "GM"]
[WhiteElo "2344"]
[BlackElo "2533"]
[WhiteFideId "13403052"]
[BlackFideId "301264"]
[EventDate "2018.07.20"]

1. e4 c5 2. Nf3 e6 3. d4 cxd4 4. Nxd4 Nc6 5. Nxc6 bxc6 6. Bd3 Nf6 7. O-O d5 8.
Nd2 Be7 9. c4 O-O 10. Qc2 h6 11. b3 Bb7 12. Rb1 a5 13. a3 c5 14. Re1 d4 15. Nf3
Nd7 16. Bf4 Ra6 17. Qd1 Qa8 18. Bc2 Re8 19. Qd3 f6 20. Bd2 Nf8 21. b4 axb4 22.
axb4 Ra3 23. Rb3 cxb4 24. Qxd4 Rxb3 25. Bxb3 Rd8 26. Qe3 Rc8 27. Qf4 Bc5 28. Bc1
Rd8 29. Bb2 Qa7 30. Qg3 Kh8 31. Qh4 Ng6 32. Qg3 Nf8 33. Qh4 e5 34. Bc1 Ng6 35.
Qg3 Kh7 36. Be3 Bxe3 37. Rxe3 Nf4 38. h4 Qa8 39. Bc2 Qa2 40. Bb3 Ne2+ 41. Rxe2
Qxe2 42. c5 Bxe4 43. h5 Qb2 44. c6 Qc1+ 45. Kh2 Qf4 46. Qxf4 exf4 47. c7 Rc8 48.
Nd4 Rxc7 49. f3 Bb1 50. Kh3 Rc3 51. Bf7 Bd3 52. Kg4 Bc4 53. Bg6+ Kg8 0-1

[Event "29th Czech Open A 2018"]
[Site "Pardubice CZE"]
[Date "2018.07.21"]
[Round "2.13"]
[White "Debashis, Das"]
[Black "Kulkarni, Chinmay"]
[Result "1-0"]
[WhiteTitle "GM"]
[WhiteElo "2529"]
[BlackElo "2336"]
[WhiteFideId "5024854"]
[BlackFideId "5023513"]
[EventDate "2018.07.20"]

1. d4 d5 2. c4 c6 3. Nf3 Nf6 4. e3 Bf5 5. Nc3 e6 6. Nh4 Be4 7. f3 Bg6 8. Qb3 Qc7
9. Bd2 Be7 10. g3 O-O 11. Rc1 Rd8 12. cxd5 exd5 13. Be2 Qb6 14. Nxg6 hxg6 15.
Qc2 Nbd7 16. O-O Re8 17. Be1 c5 18. Bf2 Rac8 19. a3 Qe6 20. Rfe1 a6 21. Bf1 b5
22. Qd1 cxd4 23. exd4 Qd6 24. Bh3 Bf8 25. Be3 Rcd8 26. Na2 Qb6 27. Qd2 Rc8 28.
Nb4 Rc4 29. Bf1 Rcc8 30. Nd3 Qa7 31. Rxc8 Rxc8 32. Bf2 Nb6 33. b3 Nbd7 34. Ra1
Qb8 35. Bh3 Rc6 36. Rc1 Qc7 37. Rxc6 Qxc6 38. Qb2 Bd6 39. Nc5 Bxc5 40. dxc5 Nf8
41. Qe2 Ne6 42. b4 Nd7 43. Bg2 g5 44. Bh3 Ndf8 45. Bf5 g6 46. Bc2 d4 47. Qe4 Qd7
48. Bd3 Kh7 49. Qa8 a5 50. Qe4 axb4 51. axb4 Kg8 52. Qe5 Qc6 53. Qe2 Qd5 54.
Bxb5 g4 55. f4 Qb3 56. Be1 Qb1 57. Bd3 Qa1 58. Kg2 Nc7 59. Bf2 Nd5 60. Qe4 Nxb4
61. Bc4 d3 62. Qb7 1-0

[Event "29th Czech Open A 2018"]
[Site "Pardubice CZE"]
[Date "2018.07.21"]
[Round "2.14"]
[White "Mueller, Ralf1"]
[Black "Praggnanandhaa, R"]
[Result "0-1"]
[WhiteTitle "FM"]
[BlackTitle "IM"]
[WhiteElo "2335"]
[BlackElo "2529"]
[WhiteFideId "4606612"]
[BlackFideId "25059530"]
[EventDate "2018.07.20"]

1. d4 Nf6 2. Nf3 d5 3. c4 e6 4. g3 Bb4+ 5. Bd2 Bd6 6. Bg2 c6 7. O-O O-O 8. Nc3
dxc4 9. b3 cxb3 10. Qxb3 Nbd7 11. Rad1 Qe7 12. e4 e5 13. Rfe1 Re8 14. h3 b5 15.
Kh2 Rb8 16. dxe5 Nxe5 17. Nxe5 Bxe5 18. f4 Be6 19. Nd5 cxd5 20. exd5 Nxd5 21.
Bxd5 Bc7 22. Bxe6 fxe6 23. Bb4 Qf7 24. Bd6 Rbd8 25. Bxc7 Rxd1 26. Rxd1 Qxc7 27.
Rd2 Qc4 28. Qe3 a5 29. Qe5 Rf8 30. h4 h6 31. Kh3 Rf7 32. Re2 Rf6 33. Rd2 Qc6 34.
Kh2 Rf5 35. Qb8+ Kh7 36. Qd8 Rd5 37. Rxd5 exd5 38. Qxa5 d4 39. Qd2 Qc4 40. Kg2
d3 41. Kf2 Qd4+ 42. Kf3 h5 43. g4 hxg4+ 44. Kxg4 Kg6 45. a3 Qe4 46. Qf2 Qd5 47.
Qd2 Qh5+ 48. Kg3 Qe2 49. f5+ Kxf5 50. Qg5+ Ke4 51. Qe7+ Kd5 52. Qd7+ Kc5 53.
Qc7+ Kd5 54. Qd7+ Kc4 55. Qc6+ Kd4 56. Qd6+ Kc3 57. Qc5+ Kd2 58. Qxb5 Qe3+ 59.
Kg2 Qe4+ 60. Kg3 Ke1 61. Qb1+ Ke2 62. Qb5 Qe3+ 63. Kg2 Qf2+ 64. Kh3 Qf3+ 65. Kh2
Ke1 66. Qb1+ Qd1 67. Qb6 Qg4 68. Qa5+ Kf1 0-1

[Event "29th Czech Open A 2018"]
[Site "Pardubice CZE"]
[Date "2018.07.21"]
[Round "2.15"]
[White "Swicarz, Maciej"]
[Black "Steinberg, Nitzan"]
[Result "0-1"]
[BlackTitle "GM"]
[WhiteElo "2333"]
[BlackElo "2521"]
[WhiteFideId "1113585"]
[BlackFideId "2801795"]
[EventDate "2018.07.20"]

1. e4 c5 2. Nf3 d6 3. Bb5+ Bd7 4. Bxd7+ Nxd7 5. O-O Ngf6 6. Re1 g6 7. c3 Bg7 8.
d4 O-O 9. d5 c4 10. Na3 Rc8 11. Qe2 Qc7 12. Nd2 Ne5 13. Rf1 Qc5 14. Ndb1 e6 15.
Be3 Qa5 16. f4 Neg4 17. dxe6 fxe6 18. Nd2 Nxe3 19. Qxe3 Ng4 20. Naxc4 Nxe3 21.
Nxa5 Nxf1 22. Rxf1 b6 23. Nab3 Bh6 24. g3 e5 25. fxe5 Bxd2 26. Nxd2 dxe5 27. Re1
Rcd8 28. Re2 b5 29. Kg2 Rd3 30. Nf1 Kf7 31. Kf2 Rd1 32. Nd2 Ke6+ 33. Ke3 g5 34.
Nb3 g4 35. Rd2 Rf3+ 36. Ke2 Rh1 37. Nc5+ Kf7 38. Rd7+ Kg6 39. Rd6+ Kh5 40. Ne6
Rxh2+ 41. Ke1 Rxg3 42. Ng7+ Kg5 43. Ne6+ Kh4 0-1

[Event "29th Czech Open A 2018"]
[Site "Pardubice CZE"]
[Date "2018.07.21"]
[Round "2.16"]
[White "Noe, Christopher"]
[Black "Chovan, Milan"]
[Result "1/2-1/2"]
[WhiteTitle "IM"]
[BlackTitle "FM"]
[WhiteElo "2520"]
[BlackElo "2331"]
[WhiteFideId "24692018"]
[BlackFideId "14933691"]
[EventDate "2018.07.20"]

1. c4 c5 2. Nf3 Nf6 3. d4 cxd4 4. Nxd4 e6 5. Nc3 Bb4 6. Nb5 d5 7. Bf4 O-O 8. e3
Nc6 9. a3 Bxc3+ 10. Nxc3 h6 11. Bg3 a6 12. Be2 dxc4 13. Bxc4 b5 14. Be2 Bb7 15.
Qxd8 Rfxd8 16. Bf3 Rac8 17. Ke2 g5 18. h3 Kg7 19. Rhd1 Kg6 20. Rac1 Rxd1 21.
Rxd1 Na5 22. Bxb7 Nxb7 23. Be5 Na5 24. Bxf6 1/2-1/2

[Event "29th Czech Open A 2018"]
[Site "Pardubice CZE"]
[Date "2018.07.21"]
[Round "2.17"]
[White "Goluch, Piotr"]
[Black "Deepan, Chakkravarthy J."]
[Result "0-1"]
[WhiteTitle "FM"]
[BlackTitle "GM"]
[WhiteElo "2332"]
[BlackElo "2519"]
[WhiteFideId "1137840"]
[BlackFideId "5011132"]
[EventDate "2018.07.20"]

1. d4 Nf6 2. c4 g6 3. Nf3 Bg7 4. Nc3 d5 5. Qb3 dxc4 6. Qxc4 O-O 7. e4 Na6 8. Bf4
c5 9. d5 e6 10. Be2 exd5 11. exd5 Nb4 12. Rd1 Nc2+ 13. Kf1 b6 14. Nb5 Nb4 15.
Nc7 Bb7 16. d6 Rc8 17. Ne5 Ne4 18. Nxf7 Qf6 19. Nd8+ Kh8 20. Nde6 Qh4 21. g3
Qh3+ 22. Ke1 Bc3+ 23. Qxc3+ Nxc3 24. bxc3 Rxf4 25. Nxf4 Qd7 26. cxb4 Bxh1 27. f3
c4 28. b5 c3 29. Rd3 c2 30. Kd2 g5 31. Nh5 Qf7 32. Kxc2 Qxh5 33. Kd2 Qf7 34. Ke3
g4 35. fxg4 Rd8 36. g5 Qf5 0-1

[Event "29th Czech Open A 2018"]
[Site "Pardubice CZE"]
[Date "2018.07.21"]
[Round "2.18"]
[White "Vyskocil, Neklan"]
[Black "Kobo, Ori"]
[Result "0-1"]
[WhiteTitle "IM"]
[BlackTitle "GM"]
[WhiteElo "2327"]
[BlackElo "2508"]
[WhiteFideId "307106"]
[BlackFideId "2812320"]
[EventDate "2018.07.20"]

1. e4 g6 2. d4 Bg7 3. Nc3 d6 4. Bg5 Nf6 5. Qd2 c6 6. O-O-O b5 7. Bd3 Nbd7 8. Kb1
Qa5 9. f4 b4 10. Nce2 c5 11. e5 Nd5 12. Be4 Bb7 13. Nf3 Rb8 14. Bxd5 Bxd5 15.
Nc1 h6 16. Bh4 c4 17. exd6 e6 18. Ne5 Nb6 19. Qe2 O-O 20. d7 Bxe5 21. Qxe5 Nxd7
22. Qd6 Nb6 23. Be7 Rfc8 24. Qxb4 Qxb4 25. Bxb4 Na4 26. a3 a5 27. b3 cxb3 28.
cxb3 axb4 29. bxa4 bxa3+ 30. Ka1 Rc2 31. Rhe1 Rcb2 0-1

[Event "29th Czech Open A 2018"]
[Site "Pardubice CZE"]
[Date "2018.07.21"]
[Round "2.19"]
[White "Christiansen, Johan-Sebastian"]
[Black "Vusatiuk, Vladimir"]
[Result "1/2-1/2"]
[WhiteTitle "IM"]
[BlackTitle "IM"]
[WhiteElo "2506"]
[BlackElo "2321"]
[WhiteFideId "1512668"]
[BlackFideId "14118610"]
[EventDate "2018.07.20"]

1. e4 e5 2. Nf3 Nc6 3. d4 exd4 4. Nxd4 Bc5 5. Be3 Qf6 6. c3 Nge7 7. Bc4 O-O 8.
O-O b6 9. f4 d5 10. exd5 Na5 11. Bd3 Bb7 12. Nc2 Nxd5 13. Bxc5 bxc5 14. c4 Nb4
15. Nxb4 cxb4 16. Qc2 Rad8 17. Rf2 Rd4 18. Nd2 Rfd8 19. Bxh7+ Kh8 20. Be4 Rxd2
21. Rxd2 Rxd2 22. Qxd2 Bxe4 23. Re1 Nxc4 24. Qd7 Bf5 25. Qxc7 Qd4+ 26. Kh1 Qd2
27. Qe7 Be6 28. Rxe6 fxe6 29. Qe8+ Kh7 30. Qh5+ Kg8 1/2-1/2

[Event "29th Czech Open A 2018"]
[Site "Pardubice CZE"]
[Date "2018.07.21"]
[Round "2.20"]
[White "Kislinsky, Alexey"]
[Black "Cerveny, Petr"]
[Result "1-0"]
[WhiteTitle "GM"]
[BlackTitle "FM"]
[WhiteElo "2502"]
[BlackElo "2319"]
[WhiteFideId "14108801"]
[BlackFideId "322016"]
[EventDate "2018.07.20"]

1. e4 e6 2. d4 d5 3. Nd2 c5 4. Ngf3 cxd4 5. exd5 Qxd5 6. Bc4 Qd6 7. O-O Nf6 8.
Nb3 Nc6 9. Nbxd4 Nxd4 10. Nxd4 a6 11. Re1 Qc7 12. Bf1 Be7 13. Qf3 O-O 14. Bf4
Bd6 15. Bxd6 Qxd6 16. Rad1 Qc7 17. c4 Rd8 18. b4 Bd7 19. Qb3 Rac8 20. h3 h6 21.
a4 b6 22. Qa3 Bc6 23. a5 bxa5 24. Nxc6 Qxc6 25. Qxa5 Rxd1 26. Rxd1 g5 27. Qe5
Nd7 28. Qd4 Nb8 29. Qf6 Qb7 30. Qxh6 Qxb4 31. Bd3 1-0

[Event "29th Czech Open A 2018"]
[Site "Pardubice CZE"]
[Date "2018.07.21"]
[Round "2.21"]
[White "Kathmale, Sameer"]
[Black "Schlosser, Philipp"]
[Result "1/2-1/2"]
[WhiteTitle "IM"]
[BlackTitle "GM"]
[WhiteElo "2323"]
[BlackElo "2501"]
[WhiteFideId "5024498"]
[BlackFideId "4600169"]
[EventDate "2018.07.20"]

1. e4 e5 2. Nf3 Nc6 3. Bb5 a6 4. Ba4 Nf6 5. O-O Be7 6. d3 d6 7. c3 O-O 8. Re1
Re8 9. Nbd2 Bf8 10. h3 b5 11. Bb3 Na5 12. Bc2 c5 13. Nf1 h6 14. Bd2 Nc6 15. Bb3
Be6 16. Bxe6 Rxe6 17. a4 Rb8 18. axb5 axb5 19. Ne3 d5 20. exd5 Nxd5 21. Ng4 Qd6
22. Nh4 Qd7 23. Qf3 h5 24. Nh2 g6 25. Bg5 b4 26. Rac1 bxc3 27. bxc3 Rb3 28. Bd2
Bg7 29. Qd1 Ra3 30. N4f3 Rd6 31. Qc2 Nf4 32. Bxf4 exf4 33. d4 cxd4 34. cxd4 Ra5
35. Qe4 Rf5 36. d5 Nd8 37. h4 Bf6 38. Qe8+ Kg7 39. Rc4 Qxe8 40. Rxe8 Rdxd5 41.
Re1 Ne6 42. Nf1 Rd3 43. N1d2 Bc3 44. Re2 Ra5 45. Ne4 Ra1+ 46. Kh2 Ba5 47. Neg5
Nxg5 48. hxg5 Rd5 49. Ree4 Ra2 50. Rxf4 Rxf2 51. Kg3 Rb2 52. Rcd4 Rbb5 53. Rxd5
Rxd5 54. Rc4 Bd8 55. Kh4 Rf5 56. Rd4 Be7 57. Re4 Kf8 58. Rc4 Ke8 59. Re4 Kd7 60.
Rd4+ Bd6 61. Nd2 Rf4+ 62. Rxf4 Bxf4 63. Ne4 Ke6 64. g4 Ke5 65. Nf2 Be3 66. Nh1
Kf4 67. gxh5 Bd2 68. hxg6 fxg6 69. Kh3 Be1 70. Kg2 Kxg5 71. Ng3 Kf4 72. Ne2+ 1/2-1/2

[Event "29th Czech Open A 2018"]
[Site "Pardubice CZE"]
[Date "2018.07.21"]
[Round "2.22"]
[White "Galperin, Platon"]
[Black "Simacek, Pavel"]
[Result "1/2-1/2"]
[BlackTitle "GM"]
[WhiteElo "2320"]
[BlackElo "2490"]
[WhiteFideId "14165414"]
[BlackFideId "307165"]
[EventDate "2018.07.20"]

1. d4 Nf6 2. Nf3 c5 3. d5 g6 4. Nc3 Bg7 5. e4 d6 6. h3 O-O 7. a4 e6 8. Bc4 exd5
9. Nxd5 Nxd5 10. Bxd5 Nc6 11. c3 Ne7 12. Bg5 Be6 13. O-O Bxd5 14. Bxe7 Qxe7 15.
Qxd5 Rfe8 16. Rfe1 Qe6 17. Rad1 Qxd5 18. Rxd5 Bf8 19. Nd2 Re6 20. f3 Rc8 21. Nc4
Rc6 22. Red1 b6 23. Kf2 a6 24. Na3 Bh6 25. Nc4 Bf8 26. Na3 Bh6 27. g3 Bg7 28. h4
Kf8 29. g4 Ke7 30. Ke3 Re5 31. Nc4 Re6 32. Na3 Re5 33. Rxe5+ Bxe5 34. f4 Bg7 35.
Kf3 b5 36. axb5 axb5 37. Nxb5 Rb6 38. c4 Bxb2 39. Rd2 Bf6 40. g5 Bg7 41. Ra2 Rb7
42. Ra6 h6 43. f5 hxg5 44. hxg5 Be5 45. f6+ Kd7 46. Ra8 Kc6 47. Rc8+ Kb6 48. Ke3
Rd7 49. Rb8+ Kc6 50. Ra8 Kb6 51. Ra2 Rb7 52. Ra8 Rd7 53. Kf3 Rb7 54. Re8 Kc6 55.
Kg4 Rd7 56. Kf3 1/2-1/2

[Event "29th Czech Open A 2018"]
[Site "Pardubice CZE"]
[Date "2018.07.21"]
[Round "2.23"]
[White "Caspi, Israel"]
[Black "Risting, Eivind Olav"]
[Result "1/2-1/2"]
[WhiteTitle "IM"]
[BlackTitle "FM"]
[WhiteElo "2484"]
[BlackElo "2317"]
[WhiteFideId "2807394"]
[BlackFideId "1517333"]
[EventDate "2018.07.20"]

1. e4 c6 2. d4 d5 3. e5 Bf5 4. h4 h5 5. Bd3 Bxd3 6. Qxd3 e6 7. Bg5 Qb6 8. Nd2
Ne7 9. Ngf3 Qa6 10. c4 Nd7 11. O-O Nf5 12. Qc2 Bb4 13. cxd5 cxd5 14. Rfc1 O-O
15. Nf1 Nb6 16. Qb3 Ba5 17. Ne3 Rfc8 18. Nxf5 exf5 19. e6 fxe6 20. Ne5 Nc4 21.
Ng6 Kf7 22. Nf4 g6 23. Qf3 Bd2 24. Rc2 Bxf4 25. Qxf4 Qd6 26. Rxc4 Qxf4 27. Rxc8
Qxg5 28. Rxa8 Qxh4 29. Rxa7 Qxd4 30. Rxb7+ Kf6 31. a4 h4 32. a5 h3 33. gxh3 Qd3
34. Rh7 Qa6 35. b4 f4 36. Rh8 Kg7 37. Rb8 Qd3 38. Rb7+ Kh6 39. Rb8 Kg5 40. h4+
Kxh4 41. a6 Qd4 42. Ra3 Qd1+ 43. Kg2 Qg4+ 44. Kf1 Qd1+ 45. Kg2 Qg4+ 46. Kf1 Qd1+ 1/2-1/2

[Event "29th Czech Open A 2018"]
[Site "Pardubice CZE"]
[Date "2018.07.21"]
[Round "2.24"]
[White "Stany, G.A."]
[Black "Haring, Filip"]
[Result "1-0"]
[WhiteTitle "IM"]
[BlackTitle "FM"]
[WhiteElo "2483"]
[BlackElo "2310"]
[WhiteFideId "5029104"]
[BlackFideId "14933080"]
[EventDate "2018.07.20"]

1. e4 c5 2. Nf3 e6 3. d4 cxd4 4. Nxd4 a6 5. Bd3 Bc5 6. Nb3 Ba7 7. c4 Nc6 8. Nc3
d6 9. O-O Nf6 10. Kh1 e5 11. Qf3 Be6 12. Nd5 Bxd5 13. exd5 Nd4 14. Qg3 O-O 15.
Bg5 e4 16. Bb1 Re8 17. Nd2 Nf5 18. Qh3 h6 19. Bxf6 Qxf6 20. Nxe4 Qxb2 21. Bd3 g6
22. g4 Ng7 23. Qxh6 Qd4 24. Ng5 Qxg4 25. Bxg6 Bd4 26. Rae1 Re2 27. Bxf7+ Kf8 28.
Qxd6+ 1-0

[Event "29th Czech Open A 2018"]
[Site "Pardubice CZE"]
[Date "2018.07.21"]
[Round "2.25"]
[White "Malinovsky, Karel"]
[Black "Kucza, Karol"]
[Result "1-0"]
[WhiteTitle "IM"]
[BlackTitle "FM"]
[WhiteElo "2472"]
[BlackElo "2308"]
[WhiteFideId "313874"]
[BlackFideId "1159755"]
[EventDate "2018.07.20"]

1. e4 e5 2. Nf3 Nc6 3. Bb5 a6 4. Ba4 Nf6 5. O-O Be7 6. Re1 b5 7. Bb3 d6 8. c3
O-O 9. h3 Na5 10. Bc2 c5 11. d4 Nd7 12. d5 Nb6 13. Nbd2 Bd7 14. Nf1 Nb7 15. b3
c4 16. b4 a5 17. a3 axb4 18. cxb4 Qc8 19. Ng3 g6 20. Bh6 Re8 21. Nd2 Nd8 22. Be3
Na4 23. Nb1 Qa6 24. Ra2 f6 25. Ne2 Nf7 26. Nbc3 Nb6 27. Qd2 Bd8 28. Kh2 Qb7 29.
Rea1 f5 30. exf5 gxf5 31. f4 Bf6 32. Rf1 Nh8 33. Ng3 Ng6 34. Nxf5 Bxf5 35. Bxf5
exf4 36. Bd4 Be5 37. Bxe5 Rxe5 38. Be6+ Kg7 39. Nxb5 Nxd5 40. Nxd6 Qc6 41. Bxd5
Rxd5 42. Qc3+ Kg8 43. Nxc4 Rc8 44. Rc2 Rd7 45. Qb3 Qe6 46. Na5 1-0

[Event "29th Czech Open A 2018"]
[Site "Pardubice CZE"]
[Date "2018.07.21"]
[Round "2.26"]
[White "Barp, Alberto"]
[Black "Harsha, Bharathakoti"]
[Result "0-1"]
[WhiteTitle "FM"]
[BlackTitle "IM"]
[WhiteElo "2317"]
[BlackElo "2465"]
[WhiteFideId "872555"]
[BlackFideId "5078776"]
[EventDate "2018.07.20"]

1. d4 f5 2. Nf3 Nf6 3. g3 g6 4. Bg2 Bg7 5. O-O O-O 6. b3 d6 7. Bb2 Ne4 8. Nbd2
Nc6 9. Ne1 d5 10. Ndf3 a5 11. a4 g5 12. Nd3 f4 13. Nfe5 Nxe5 14. dxe5 fxg3 15.
hxg3 Bf5 16. g4 Bg6 17. Qe1 c6 18. e3 b6 19. f3 Nc5 20. Nxc5 bxc5 21. Qc3 Qb6
22. Ba3 Qc7 23. f4 gxf4 24. exf4 Rxf4 25. Rxf4 Bxe5 26. Qxc5 Bxf4 27. Re1 Re8
28. Bb2 Bd6 29. Qe3 e5 30. Qd2 Bb4 31. Bc3 Bxc3 32. Qxc3 e4 33. Qc5 Rf8 34. c4
Qg3 35. Qxa5 Qf2+ 36. Kh1 Qh4+ 37. Kg1 Qf2+ 38. Kh1 d4 39. Rf1 Qh4+ 40. Kg1
Rxf1+ 41. Kxf1 e3 42. Qa8+ Kg7 43. Qa7+ Kh6 44. g5+ Qxg5 45. Qxd4 e2+ 46. Ke1
Qxg2 47. Qh4+ Bh5 48. Qf6+ Qg6 49. Qf8+ Kg5 50. Qe7+ Qf6 51. Qe3+ Kh4 52. Qe4+
Kg3 53. Qe3+ Kg2 54. Qe4+ Bf3 0-1

[Event "29th Czech Open A 2018"]
[Site "Pardubice CZE"]
[Date "2018.07.21"]
[Round "2.27"]
[White "Henderson de La Fuente, Lance"]
[Black "Nun, Jiri"]
[Result "1-0"]
[WhiteTitle "IM"]
[BlackTitle "IM"]
[WhiteElo "2463"]
[BlackElo "2306"]
[WhiteFideId "32096585"]
[BlackFideId "300179"]
[EventDate "2018.07.20"]

1. d4 Nf6 2. c4 c5 3. d5 b5 4. cxb5 a6 5. bxa6 Bxa6 6. Nc3 d6 7. e4 Bxf1 8. Kxf1
g6 9. Nf3 Bg7 10. g3 O-O 11. Kg2 Nbd7 12. a4 Ne8 13. Bf4 Ra6 14. Re1 f6 15. Nd2
Nc7 16. a5 f5 17. f3 h6 18. Nc4 g5 19. Bd2 Ne5 20. Nxe5 Bxe5 21. Rh1 fxe4 22.
fxe4 Bd4 23. Rf1 Rxf1 24. Qxf1 Ra8 25. Qf5 Qf8 26. Qxf8+ Rxf8 27. Nd1 Na6 28.
Bc3 Rb8 29. Bxd4 cxd4 30. Ra4 Rb5 31. Rxd4 Rxa5 32. Nc3 Rc5 33. Ra4 Nc7 34. Kf3
Ne8 35. Ke3 Rc7 36. Kd4 Nf6 37. b4 Nd7 38. b5 Kf7 39. Rb4 Rb7 40. Na4 Ne5 41. b6
g4 42. Nb2 1-0

[Event "29th Czech Open A 2018"]
[Site "Pardubice CZE"]
[Date "2018.07.21"]
[Round "2.28"]
[White "Salimova, Nurgyul"]
[Black "Swayams, Mishra"]
[Result "1/2-1/2"]
[WhiteTitle "FM"]
[BlackTitle "IM"]
[WhiteElo "2317"]
[BlackElo "2463"]
[WhiteFideId "2915138"]
[BlackFideId "5028183"]
[EventDate "2018.07.20"]

1. e4 e5 2. Nf3 Nc6 3. Bc4 Nf6 4. d3 Be7 5. O-O O-O 6. Re1 d6 7. a4 Be6 8. a5 a6
9. Nbd2 Qd7 10. Bxe6 fxe6 11. Nc4 Qe8 12. c3 Qg6 13. b4 Nh5 14. Rb1 Nf4 15. Bxf4
Rxf4 16. b5 axb5 17. Rxb5 Raf8 18. Re3 Nd8 19. Rb2 h5 20. Kh1 Qf7 21. Ncd2 Qe8
22. g3 R4f7 23. h4 Rf6 24. Kg2 Qg6 25. Nf1 R6f7 26. N1h2 Bf6 27. Qc1 Nc6 28.
Rxb7 Nxa5 29. Ra7 Nc6 30. Ra6 Nb8 31. Ra8 Nd7 32. Rxf8+ Rxf8 33. Qb1 Rb8 34. Qa2
Qe8 35. Ng5 Bxg5 36. hxg5 Ra8 37. Qb1 Rb8 38. Qa2 Ra8 39. Qb1 Nf8 40. Nf3 Qb8
41. Qxb8 Rxb8 42. d4 exd4 43. cxd4 Kf7 44. Rc3 Rb7 45. Kh3 Ng6 46. Rc2 Ke8 47.
Nh4 Ne7 48. f4 g6 49. Rc3 Kd7 50. g4 hxg4+ 51. Kxg4 Rb4 52. Rd3 Rb1 53. Nf3 Rb2
54. Kg3 Re2 55. Nd2 d5 56. Kf3 Rh2 57. Kg3 Rh1 58. exd5 exd5 59. Nf3 Kd6 60. Kg2
Rh7 61. Ra3 Rf7 62. Ra6+ c6 63. Kg3 Nf5+ 64. Kg4 Rh7 65. Ra8 Ne3+ 66. Kg3 Nf5+
67. Kg4 Ne3+ 68. Kg3 Nf5+ 69. Kg4 1/2-1/2